Franchising made in Slovakia

Franchising ako overená a progresívna metóda podnikania. Princípy a výhody franchisingu a ako inšpirovať našich podnikateľov k ich využívaniu. Prehľad slovenského franchisingového podnikania po roku 1989. História a vznik Slovenskej franchisingovej asociácie.

Enregistré dans:
Détails bibliographiques
Auteur principal: Šétaffy, Jozef
Format: Chapitre de livre
Sujets:
Tags: Ajouter un tag
Pas de tags, Soyez le premier à ajouter un tag!

MARC

LEADER 00000naa a2200000 4500
001 0227918
005 20221104113048.0
044 |a SK 
245 1 0 |a Franchising made in Slovakia  |c Jozef Šétaffy 
520 |a Franchising ako overená a progresívna metóda podnikania. Princípy a výhody franchisingu a ako inšpirovať našich podnikateľov k ich využívaniu. Prehľad slovenského franchisingového podnikania po roku 1989. História a vznik Slovenskej franchisingovej asociácie. 
610 2 0 |a franšíza 
610 2 0 |a franchising 
610 2 0 |a technika obchodná 
610 2 0 |a metódy 
610 2 0 |a podnikanie 
610 2 0 |a hospodárstvo trhové 
610 2 0 |a história 
610 2 0 |a Slovensko 
100 1 |a Šétaffy, Jozef